Jakie znaki drogowe widuje się przed skrzyżowaniem? - Statystyki

Ogólne statystyki
  • Ten quiz został rozwiązany 78 razy
  • Średni wynik to 2 z 5
Statystyki odpowiedzi
Odpowiedź % Poprawnych
Ustąp pierwszeństwa
87%
STOP
85%
Zakaz skrętu
21%
Droga z pierwszeństwem przejazdu
13%
Zakaz zawracania
9%
Nie znaleziono quizów pasujących do podanych kryteriów
Rozkład punktacji
Procent ludzi z każdym wynikiem
Percentyl według liczby udzielonych odpowiedzi
Twoja historia wyników
Nie rozwiązałeś tego quizu